| 000 | 01181cam a2200289 i 4500 | ||
|---|---|---|---|
| 003 | SA-RiAUC | ||
| 005 | 20250321122759.0 | ||
| 008 | 250319s1986 le g b 00000bara c | ||
| 040 |
_aSA-RiAUC _bara _cSA-RiAUC _erda |
||
| 043 | _af-ae--- | ||
| 082 | 0 | 4 | _a922.113 |
| 090 |
_a922.113 _bس ع د |
||
| 100 | 1 |
_aسعد الله، أبو القاسم، _d1930-2013 _eمؤلف. |
|
| 245 | 1 | 0 |
_aشيخ الإسلام عبد الكريم الفكون داعية السلفية / _cتأليف أبو القاسم سعد الله. |
| 250 | _aالطبعة الأولى. | ||
| 264 | 1 |
_aبيروت : _bدار الغرب الاسلامي، _c1986 |
|
| 300 |
_a255 صفحة ؛ _c20 سم |
||
| 336 |
_aنص _btxt _2rdacontent _3كتاب |
||
| 337 |
_aبدون وسيط _bn _2rdamedia |
||
| 338 |
_aمجلد _bnc _2rdacarrier |
||
| 504 | _aببليوجرافية : صفحة 231-234. | ||
| 600 | 1 | 7 |
_aالفكون، عبد الكريم بن محمد بن عبد الكريم، _d988-1073 هجري _2aucnm |
| 650 | 7 |
_aالدعوة الإسلامية _zالجزائر _2aucsh |
|
| 650 | 7 |
_aالدعاة _vتراجم _2aucsh |
|
| 942 |
_2ddc _cBOOK _n0 |
||
| 949 |
_aSA-JeALM _d250319 _umohamedma123 _n1 |
||
| 999 |
_c6524 _d6524 |
||